000 00532nam a2200157 i 4500
001 81151
003 ES-MaACL
007 t|
008 041103s1975 sp ||||1| spa d
245 0 0 _aHombre y animal
_b: estudios sobre comportamiento /
_ceditado por Heinz Friedrich ... [et al.] ; versión, Alfredo Cruz Herce.
260 _aMadrid :
_bHermann Blume,
_c[1975]
300 _aXIII, 144 p. :
_bil. ;
_c21 cm.
700 1 _aFriedrich, Heinz.
_952651
700 1 _aCruz Herce, Alfredo.
_941828
852 _aES-MaACL
_jE-8609
_bR.92905
999 _c81151
_d81151